000 00476nam a22001817a 4500
003 KOHA_MİRAKIL
005 20251224162352.0
008 251224b tu ||||| |||| 00| 0 tur d
020 _a9786254351310
040 _aTR-AnABB
_btur
_cTR-AnABB
041 _atur
082 _a297.2
_b HAY 2021
245 1 0 _aHayat rehberi Kur'an /
260 _aAnkara :
_bDiyanet İşleri Başkanlığı,
_c2021
300 _a560 sayfa ;
_c24 cm
650 0 4 _aİslam
942 _2ddc
_cBK
999 _c9964
_d9964
900 _bGizem YORULMAZ